000 00595nam a2200217Ia 4500
005 20250923150007.0
008 008 250917s9999 xx 000 0 eng d
037 _aTextual
040 _aDSWL
_beng
_cDSWL
041 _aeng
_2eng
084 _qDSWL
100 _aSahni, Aashok
_9841087
245 0 _aCommunity Participation in Health and Family Welfare
_c by Ashok Sahni
260 _aBangalore
_b I.S.H. Administration
_c1990
300 _a271 p.
365 _aINR
_b200.00
700 _a S. Xirasagar
_9841088
925 _g200.00
942 _cTEXL
999 _c1458269
_d1458269